Statistics for Municipalities of Puerto Rico

Click here to take the quiz!

General Stats

  • This quiz has been taken 109 times
  • The average score is 63 of 78

Answer Stats

Municipality% Correct
Bayamón
95%
Aguadilla
93%
San Juan
93%
Carolina
91%
Mayagüez
91%
Ponce
91%
Aguada
88%
Santa Isabel
88%
Adjuntas
86%
Aguas Buenas
86%
Arecibo
86%
Barceloneta
86%
Caguas
86%
Culebra
86%
Rincón
86%
Toa Baja
86%
Vega Alta
86%
Cayey
84%
Cidra
84%
Florida
84%
Hatillo
84%
Hormigueros
84%
San Sebastián
84%
Toa Alta
84%
Vega Baja
84%
Vieques
84%
Yauco
84%
Aibonito
81%
Barranquitas
81%
Cabo Rojo
81%
Ceiba
81%
Fajardo
81%
Isabela
81%
Jayuya
81%
Juana Díaz
81%
Juncos
81%
Río Grande
81%
San Lorenzo
81%
Canóvanas
79%
Ciales
79%
Coamo
79%
Comerío
79%
Corozal
79%
Dorado
79%
Guánica
79%
Guayanilla
79%
Guaynabo
79%
Gurabo
79%
Humacao
79%
Las Marías
79%
Las Piedras
79%
Loíza
79%
Morovis
79%
Peñuelas
79%
San Germán
79%
Trujillo Alto
79%
Utuado
79%
Añasco
77%
Camuy
77%
Cataño
77%
Guayama
77%
Lares
77%
Luquillo
77%
Maunabo
77%
Moca
77%
Naguabo
77%
Naranjito
77%
Orocovis
77%
Patillas
77%
Salinas
77%
Yabucoa
77%
Arroyo
74%
Lajas
74%
Manatí
74%
Maricao
72%
Sabana Grande
72%
Villalba
72%
Quebradillas
67%

Score Distribution

Percentile by Number Answered

Percent of People with Each Score

Your Score History

You have not taken this quiz